[Event "Defi Nez-B"]
[Site "Gatineau CAN"]
[Date "2009.11.24"]
[Round "2"]
[White "MacIsaac, Alexandre"]
[Black "Danilov, Alex"]
[Result "1/2-1/2"]
[WhiteElo "1529"]
[BlackElo "1851"]
[PlyCount "79"]
[GameId "2160767910030312"]
[EventDate "2009.11.17"]
[EventType "swiss"]
[EventRounds "5"]
[EventCountry "CAN"]
[SourceTitle "EXT 2011"]
[Source "ChessBase"]
[SourceDate "2011.11.26"]
[SourceVersion "1"]
[SourceVersionDate "2011.11.26"]
[SourceQuality "1"]

1. e4 e5 2. Nf3 Nc6 3. Bb5 a6 4. Ba4 d6 5. O-O Bd7 6. d4 f6 7. d5 Nce7 8. Bxd7+ Qxd7 9. c4 g6 10. Nc3 Nh6 11. Qb3 b6 12. a4 Bg7 13. a5 bxa5 14. Bxh6 Bxh6 15. Rxa5 O-O 16. Rfa1 Rfb8 17. Qa3 f5 18. Rxa6 Rxa6 19. Qxa6 fxe4 20. Nxe4 Qf5 21. Nxd6 cxd6 22. Qxd6 Rxb2 23. Qxe5 Rb1+ 24. Rxb1 Qxb1+ 25. Qe1 Qxe1+ 26. Nxe1 Kf7 27. Kf1 Kf6 28. Nd3 Kf5 29. f3 Be3 30. Ke2 Bg1 31. g3 Ba7 32. h4 h5 33. d6 Nc6 34. c5 Nd4+ 35. Kf1 Bb8 36. Kf2 Ne6 37. g4+ hxg4 38. fxg4+ Kxg4 39. Ne5+ Kxh4 40. Nxg6+ 1/2-1/2

[Event "Defi Nez-B"]
[Site "Gatineau CAN"]
[Date "2009.11.24"]
[Round "2"]
[White "Scantland, Patrick"]
[Black "Levesque, Andre"]
[Result "1-0"]
[WhiteElo "1768"]
[BlackElo "1322"]
[PlyCount "105"]
[GameId "2160767910030313"]
[EventDate "2009.11.17"]
[EventType "swiss"]
[EventRounds "5"]
[EventCountry "CAN"]
[SourceTitle "EXT 2011"]
[Source "ChessBase"]
[SourceDate "2011.11.26"]
[SourceVersion "1"]
[SourceVersionDate "2011.11.26"]
[SourceQuality "1"]

1. e4 c5 2. Nf3 Nc6 3. d4 cxd4 4. Nxd4 g6 5. c4 Bg7 6. Be3 Nf6 7. Nc3 O-O 8. Be2 d6 9. O-O Bd7 10. f4 Qb6 11. Qd2 Nxd4 12. Bxd4 Qc6 13. e5 dxe5 14. fxe5 Ng4 15. Nd5 Rfe8 16. Qf4 Bh6 17. Qxf7+ Kh8 18. Bxg4 e6 19. Nf6 Bg7 20. Nxd7 Rad8 21. Nf6 Rf8 22. Qxe6 Qxe6 23. Bxe6 Rxd4 24. Rad1 Rxd1 25. Rxd1 Bxf6 26. exf6 Rxf6 27. Rd8+ Kg7 28. Bd5 Rb6 29. b3 Ra6 30. g4 h6 31. h4 Kf6 32. a4 Rb6 33. Rf8+ Ke5 34. Rf3 Rb4 35. Kf2 a6 36. Ke3 Rxb3+ 37. Kf2 Rb4 38. Re3+ Kd4 39. Kf3 b5 40. axb5 axb5 41. Re4+ Kc5 42. Kf4 bxc4 43. Rxc4+ Rxc4+ 44. Bxc4 Kxc4 45. Ke5 Kc5 46. Kf6 h5 47. g5 Kd6 48. Kxg6 Ke7 49. Kxh5 Kf8 50. Kg6 Kg8 51. h5 Kh8 52. Kf7 Kh7 53. g6+ 1-0

[Event "Defi Nez-B"]
[Site "Gatineau CAN"]
[Date "2009.11.24"]
[Round "2"]
[White "Thibault, David"]
[Black "Menard, Marc"]
[Result "1-0"]
[WhiteElo "1655"]
[BlackElo "1458"]
[PlyCount "53"]
[GameId "2160767910030314"]
[EventDate "2009.11.17"]
[EventType "swiss"]
[EventRounds "5"]
[EventCountry "CAN"]
[SourceTitle "EXT 2011"]
[Source "ChessBase"]
[SourceDate "2011.11.26"]
[SourceVersion "1"]
[SourceVersionDate "2011.11.26"]
[SourceQuality "1"]

1. e4 e5 2. Nf3 Nc6 3. Bc4 Nf6 4. Nc3 Bb4 5. d3 d5 6. exd5 Nxd5 7. Bd2 Be6 8. Bb5 f6 9. Bxc6+ bxc6 10. Ne4 Bxd2+ 11. Qxd2 O-O 12. O-O Rb8 13. b3 Bg4 14. Ne1 Nf4 15. Ng3 Qd4 16. Rb1 Rfd8 17. h3 Be6 18. Qe3 c5 19. Ne4 Rb5 20. Kh2 Nd5 21. Qg3 Nf4 22. Nxf6+ Kf7 23. Nxh7 Rh8 24. Ng5+ Kf8 25. Nxe6+ Nxe6 26. Nf3 Qf4 27. Nxe5 1-0

[Event "Defi Nez-B"]
[Site "Gatineau CAN"]
[Date "2009.11.24"]
[Round "2"]
[White "Thibault, Mario"]
[Black "Desjardins, Michel"]
[Result "0-1"]
[WhiteElo "1723"]
[BlackElo "1972"]
[PlyCount "78"]
[GameId "2160767910030315"]
[EventDate "2009.11.17"]
[EventType "swiss"]
[EventRounds "5"]
[EventCountry "CAN"]
[SourceTitle "EXT 2011"]
[Source "ChessBase"]
[SourceDate "2011.11.26"]
[SourceVersion "1"]
[SourceVersionDate "2011.11.26"]
[SourceQuality "1"]

1. Nf3 d5 2. g3 Nf6 3. Bg2 c6 4. O-O Bg4 5. d3 Nbd7 6. Nbd2 e5 7. e4 dxe4 8. dxe4 Bc5 9. Qe2 O-O 10. Re1 Qc7 11. Nf1 Rfe8 12. h3 Bh5 13. g4 Bg6 14. Ng3 Nf8 15. Nh4 Ne6 16. Nxg6 hxg6 17. Qc4 b5 18. Qc3 a5 19. Qf3 Nd4 20. Qd1 Rad8 21. c3 Ne6 22. Qc2 Qb6 23. a3 a4 24. Nf1 Rd7 25. Ne3 Nf4 26. Bf1 Red8 27. c4 Rd4 28. cxb5 cxb5 29. Nd5 N6xd5 30. exd5 R4xd5 31. Bxf4 exf4 32. Rac1 f3 33. Re4 Qd6 34. Kh1 Qb6 35. Kg1 Rc8 36. Rce1 Qd6 37. Re8+ Rxe8 38. Rxe8+ Kh7 39. Kh1 Rd1 0-1

[Event "Defi Nez-B"]
[Site "Gatineau CAN"]
[Date "2009.12.01"]
[Round "3"]
[White "Arsenault, Yves"]
[Black "Jiang, Qizhe"]
[Result "1-0"]
[WhiteElo "1538"]
[BlackElo "1190"]
[PlyCount "79"]
[GameId "2160767910030316"]
[EventDate "2009.11.17"]
[EventType "swiss"]
[EventRounds "5"]
[EventCountry "CAN"]
[SourceTitle "EXT 2011"]
[Source "ChessBase"]
[SourceDate "2011.11.26"]
[SourceVersion "1"]
[SourceVersionDate "2011.11.26"]
[SourceQuality "1"]

1. e4 e5 2. Nf3 Nc6 3. Bc4 Bc5 4. d3 Nf6 5. Nc3 O-O 6. Bg5 h6 7. Bh4 Be7 8. a3 d6 9. h3 a6 10. Bg3 Be6 11. Nd5 Na5 12. Nxe7+ Qxe7 13. Bxe6 fxe6 14. Nh4 Kh7 15. Qd2 Nc6 16. c3 Nh5 17. Qe3 Rf6 18. Bh2 Nf4 19. Bxf4 exf4 20. Qe2 Rf7 21. Nf3 Ne5 22. Nxe5 dxe5 23. d4 exd4 24. cxd4 Qg5 25. Qf3 Qa5+ 26. b4 Qb6 27. Rd1 Rd8 28. d5 exd5 29. O-O d4 30. e5 Kh8 31. Rfe1 Qc6 32. Qh5 Qe6 33. Qf3 c6 34. Re4 Rd5 35. Rdxd4 Rxe5 36. Rxe5 Qxe5 37. Re4 Qd6 38. Re8+ Kh7 39. Qe4+ Qg6 40. Rh8+ 1-0

[Event "Defi Nez-B"]
[Site "Gatineau CAN"]
[Date "2009.12.01"]
[Round "3"]
[White "Beland, Guy"]
[Black "Lacourse, Guy"]
[Result "0-1"]
[WhiteElo "1399"]
[BlackElo "1684"]
[PlyCount "102"]
[GameId "2160767910030317"]
[EventDate "2009.11.17"]
[EventType "swiss"]
[EventRounds "5"]
[EventCountry "CAN"]
[SourceTitle "EXT 2011"]
[Source "ChessBase"]
[SourceDate "2011.11.26"]
[SourceVersion "1"]
[SourceVersionDate "2011.11.26"]
[SourceQuality "1"]

1. e4 c5 2. Nf3 e6 3. c4 Nc6 4. b3 Nf6 5. d3 d6 6. Be2 g6 7. Bb2 Bg7 8. a3 a6 9. Qc2 Rb8 10. Nbd2 O-O 11. Rd1 b5 12. d4 b4 13. a4 Qc7 14. e5 dxe5 15. dxe5 Ng4 16. Qe4 Ngxe5 17. Nxe5 Nxe5 18. Bxe5 Qxe5 19. O-O Bb7 20. Qxe5 Bxe5 21. Nf3 Bf6 22. h4 Rfd8 23. g4 Bxf3 24. Bxf3 Bxh4 25. Kh2 Bf6 26. Bg2 a5 27. f4 h6 28. Bf3 Bd4 29. Rfe1 Rb6 30. Kh3 Rbd6 31. f5 Bf6 32. fxg6 fxg6 33. Rxe6 Rxe6 34. Bd5 Rdd6 35. Rf1 Kg7 36. Bxe6 Rxe6 37. Rd1 Bd4 38. Rd3 Re2 39. Kg3 Re3+ 40. Rxe3 Bxe3 41. Kf3 Bd4 42. Kf4 Kf6 43. g5+ hxg5+ 44. Kg4 Be5 45. Kh3 Kf5 46. Kg2 Kf4 47. Kh3 g4+ 48. Kg2 Bd4 49. Kh1 Kf3 50. Kh2 g3+ 51. Kh1 g2+ 0-1

[Event "Defi Nez-B"]
[Site "Gatineau CAN"]
[Date "2009.12.01"]
[Round "3"]
[White "Beriault, Silvain"]
[Black "Jani, Louis"]
[Result "1-0"]
[WhiteElo "1632"]
[BlackElo "1404"]
[PlyCount "49"]
[GameId "2160767910030318"]
[EventDate "2009.11.17"]
[EventType "swiss"]
[EventRounds "5"]
[EventCountry "CAN"]
[SourceTitle "EXT 2011"]
[Source "ChessBase"]
[SourceDate "2011.11.26"]
[SourceVersion "1"]
[SourceVersionDate "2011.11.26"]
[SourceQuality "1"]

1. d4 d5 2. c4 e6 3. Nc3 Nf6 4. Bg5 Be7 5. Nf3 b6 6. e3 Bb7 7. Rc1 c5 8. cxd5 exd5 9. Be2 Nc6 10. O-O O-O 11. a3 Re8 12. dxc5 bxc5 13. Bxf6 Bxf6 14. Qxd5 Be7 15. Qxd8 Nxd8 16. Rfd1 Ne6 17. Nb5 Ba6 18. Kf1 Rab8 19. a4 Rb6 20. Rd7 Rb7 21. Rcd1 Reb8 22. Ne5 h6 23. Nc6 Bxb5 24. axb5 Rxd7 25. Rxd7 1-0

[Event "Defi Nez-B"]
[Site "Gatineau CAN"]
[Date "2009.12.01"]
[Round "3"]
[White "Dagenais, Benoit"]
[Black "Arsenault, Michel"]
[Result "0-1"]
[WhiteElo "1249"]
[BlackElo "1893"]
[PlyCount "60"]
[GameId "2160767910030321"]
[EventDate "2009.11.17"]
[EventType "swiss"]
[EventRounds "5"]
[EventCountry "CAN"]
[SourceTitle "EXT 2011"]
[Source "ChessBase"]
[SourceDate "2011.11.26"]
[SourceVersion "1"]
[SourceVersionDate "2011.11.26"]
[SourceQuality "1"]

1. a4 d5 2. Nf3 Nf6 3. g3 g6 4. Bg2 Bg7 5. O-O O-O 6. d3 Re8 7. Re1 e5 8. Nbd2 e4 9. Nd4 e3 10. fxe3 Ng4 11. N2f3 Nxe3 12. Bxe3 Rxe3 13. c3 c5 14. Nc2 Re7 15. e4 dxe4 16. dxe4 Qb6 17. Na3 Be6 18. Qe2 Nd7 19. Ng5 Bb3 20. Qb5 Ne5 21. a5 Qxb5 22. Nxb5 a6 23. Na3 Rd8 24. Re2 Red7 25. Rae1 Rd1 26. Rxd1 Rxd1+ 27. Kf2 Ng4+ 28. Kf3 Nxh2+ 29. Kf4 f6 30. Nh3 Bh6+ 0-1

[Event "Defi Nez-B"]
[Site "Gatineau CAN"]
[Date "2009.12.01"]
[Round "3"]
[White "Danilov, Alex"]
[Black "Scantland, Patrick"]
[Result "0-1"]
[WhiteElo "1851"]
[BlackElo "1768"]
[PlyCount "102"]
[GameId "2160767910030322"]
[EventDate "2009.11.17"]
[EventType "swiss"]
[EventRounds "5"]
[EventCountry "CAN"]
[SourceTitle "EXT 2011"]
[Source "ChessBase"]
[SourceDate "2011.11.26"]
[SourceVersion "1"]
[SourceVersionDate "2011.11.26"]
[SourceQuality "1"]

1. c4 Nf6 2. b3 e6 3. Nf3 d5 4. g3 g6 5. Bb2 Bg7 6. Bg2 O-O 7. O-O dxc4 8. bxc4 c5 9. Nc3 Nc6 10. Ba3 Nd7 11. Rb1 Rb8 12. Ne4 b6 13. Nd6 Nde5 14. Nxe5 Nxe5 15. Nxc8 Qxc8 16. Qa4 Qd7 17. Qc2 Rfd8 18. Rfd1 Nc6 19. Qe4 Nd4 20. d3 Nf5 21. Bc1 Qa4 22. Bg5 Rd4 23. Qf3 h6 24. Be3 Rdd8 25. Bh3 Nd6 26. Bf4 e5 27. Be3 Nxc4 28. Bd2 Nxd2 29. Rxd2 e4 30. Qg2 exd3 31. exd3 Rd4 32. Rbd1 Rbd8 33. Qf3 c4 34. Bf1 c3 35. Re2 Bf8 36. Ree1 c2 37. Ra1 Qb4 38. Qc6 Bc5 39. a4 Qc3 40. Kg2 Qd2 41. Rec1 R4d5 42. d4 Rxd4 43. Qf3 R4d5 44. g4 Rd4 45. h3 Rf4 46. Rxc2 Qxc2 47. Qxf4 Rd2 48. Qb8+ Kh7 49. Re1 Rxf2+ 50. Kg3 Qc3+ 51. Kh4 Qxe1 0-1

[Event "Defi Nez-B"]
[Site "Gatineau CAN"]
[Date "2009.12.01"]
[Round "3"]
[White "Desjardins, Michel"]
[Black "Rose, Richard1"]
[Result "0-1"]
[WhiteElo "1972"]
[BlackElo "1898"]
[PlyCount "76"]
[GameId "2160767910030323"]
[EventDate "2009.11.17"]
[EventType "swiss"]
[EventRounds "5"]
[EventCountry "CAN"]
[SourceTitle "EXT 2011"]
[Source "ChessBase"]
[SourceDate "2011.11.26"]
[SourceVersion "1"]
[SourceVersionDate "2011.11.26"]
[SourceQuality "1"]

1. e4 c5 2. Nc3 Nc6 3. g3 g6 4. Bg2 Bg7 5. d3 d6 6. Be3 Nf6 7. h3 Bd7 8. Qd2 a6 9. Bh6 O-O 10. Bxg7 Kxg7 11. f4 Qb6 12. O-O-O Qa5 13. g4 Rab8 14. g5 Nh5 15. Bf3 b5 16. Bxh5 gxh5 17. Kb1 c4 18. Nd5 cxd3 19. Qxa5 dxc2+ 20. Kxc2 Nxa5 21. Nxe7 Nc4 22. Re1 Rfe8 23. Nd5 Rbc8 24. Nf3 Ne5+ 25. Kb1 Nxf3 26. Re3 Nd2+ 27. Ka1 Rxe4 28. Rd3 Rec4 29. b3 Rc1+ 30. Rxc1 Rxc1+ 31. Kb2 Rb1+ 32. Kc3 Ne4+ 33. Kc2 Re1 34. Kb2 a5 35. b4 Re2+ 36. Ka3 a4 37. Re3 Rxe3+ 38. Nxe3 Bxh3 0-1

[Event "Defi Nez-B"]
[Site "Gatineau CAN"]
[Date "2009.12.01"]
[Round "3"]
[White "Dupont, Claude"]
[Black "Thibault, Mario"]
[Result "0-1"]
[WhiteElo "1480"]
[BlackElo "1723"]
[PlyCount "80"]
[GameId "2160767910030324"]
[EventDate "2009.11.17"]
[EventType "swiss"]
[EventRounds "5"]
[EventCountry "CAN"]
[SourceTitle "EXT 2011"]
[Source "ChessBase"]
[SourceDate "2011.11.26"]
[SourceVersion "1"]
[SourceVersionDate "2011.11.26"]
[SourceQuality "1"]

1. e4 c5 2. Nf3 g6 3. c3 Bg7 4. d4 cxd4 5. cxd4 d5 6. exd5 Nf6 7. Bb5+ Nbd7 8. Nc3 O-O 9. Bxd7 Bxd7 10. Bg5 Bg4 11. Bxf6 Bxf6 12. Qd3 Bxf3 13. gxf3 Qb6 14. Qb5 Bxd4 15. Qxb6 Bxb6 16. O-O Rac8 17. Rad1 Rfd8 18. Rfe1 Bc5 19. a3 Rd7 20. b4 Bxb4 21. axb4 Rxc3 22. Re4 Rxf3 23. Kg2 Rf5 24. Red4 Rc7 25. d6 exd6 26. Rxd6 Rc4 27. R6d4 Rxd4 28. Rxd4 Rb5 29. f4 Kf8 30. Kg3 Ke7 31. Kg4 b6 32. h4 a5 33. bxa5 bxa5 34. Kf3 Ke6 35. Kg4 h5+ 36. Kf3 Rb3+ 37. Ke4 Rb4 38. f5+ gxf5+ 39. Ke3 Rxd4 40. Kxd4 a4 0-1

[Event "Defi Nez-B"]
[Site "Gatineau CAN"]
[Date "2009.12.01"]
[Round "3"]
[White "Laurin, Marcel"]
[Black "Levesque, Andre"]
[Result "1-0"]
[WhiteElo "1608"]
[BlackElo "1322"]
[PlyCount "67"]
[GameId "2160767910030325"]
[EventDate "2009.11.17"]
[EventType "swiss"]
[EventRounds "5"]
[EventCountry "CAN"]
[SourceTitle "EXT 2011"]
[Source "ChessBase"]
[SourceDate "2011.11.26"]
[SourceVersion "1"]
[SourceVersionDate "2011.11.26"]
[SourceQuality "1"]

1. d4 f5 2. g3 Nf6 3. Bg2 e6 4. Nf3 d6 5. c4 Be7 6. Nc3 O-O 7. Qc2 c6 8. O-O Qe8 9. Re1 d5 10. cxd5 cxd5 11. Bf4 a6 12. Rac1 Bb4 13. Ne5 Ne4 14. f3 Nxc3 15. bxc3 Ba5 16. e4 dxe4 17. fxe4 Nd7 18. Nc4 Bb6 19. exf5 e5 20. Nxb6 Nxb6 21. Qb3+ Qf7 22. Qxb6 exf4 23. Re5 fxg3 24. Bd5 gxh2+ 25. Kxh2 Qxd5 26. Rxd5 Bxf5 27. Rxf5 Rxf5 28. Qe6+ Rf7 29. Rf1 Raf8 30. d5 g6 31. d6 Kg7 32. Rxf7+ Rxf7 33. d7 Rf2+ 34. Kg1 1-0

[Event "Defi Nez-B"]
[Site "Gatineau CAN"]
[Date "2009.12.01"]
[Round "3"]
[White "Rainey, Ivan"]
[Black "Richard, Georges"]
[Result "0-1"]
[WhiteElo "1418"]
[BlackElo "1629"]
[PlyCount "42"]
[GameId "2160767910030326"]
[EventDate "2009.11.17"]
[EventType "swiss"]
[EventRounds "5"]
[EventCountry "CAN"]
[SourceTitle "EXT 2011"]
[Source "ChessBase"]
[SourceDate "2011.11.26"]
[SourceVersion "1"]
[SourceVersionDate "2011.11.26"]
[SourceQuality "1"]

1. d4 d5 2. c4 Nf6 3. Nc3 e6 4. Nf3 c5 5. dxc5 Bxc5 6. Bg5 Qb6 7. e3 Qxb2 8. Qc1 Qxc1+ 9. Rxc1 Bb4 10. Bxf6 gxf6 11. cxd5 exd5 12. Kd1 O-O 13. Nxd5 Rd8 14. Ke2 Nc6 15. Rxc6 Rxd5 16. Rxf6 Bg4 17. e4 Re8 18. Ke3 Rd1 19. Rf4 Bh5 20. g4 Bg6 21. Rf6 Rxe4# 0-1

[Event "Defi Nez-B"]
[Site "Gatineau CAN"]
[Date "2009.12.01"]
[Round "3"]
[White "Thibault, David"]
[Black "MacIsaac, Alexandre"]
[Result "0-1"]
[WhiteElo "1655"]
[BlackElo "1529"]
[PlyCount "75"]
[GameId "2160767910030327"]
[EventDate "2009.11.17"]
[EventType "swiss"]
[EventRounds "5"]
[EventCountry "CAN"]
[SourceTitle "EXT 2011"]
[Source "ChessBase"]
[SourceDate "2011.11.26"]
[SourceVersion "1"]
[SourceVersionDate "2011.11.26"]
[SourceQuality "1"]

1. e4 c5 2. Nf3 e6 3. Nc3 Nc6 4. Bc4 a6 5. d3 b5 6. Bb3 Qc7 7. Ne2 Bb7 8. c3 Nf6 9. Bg5 Be7 10. Ng3 h6 11. Be3 O-O 12. h3 Na5 13. Bc2 Nc6 14. Nh2 Bd6 15. Ng4 Nxg4 16. Qxg4 Ne5 17. Qe2 c4 18. Nh5 cxd3 19. Bxd3 Nxd3+ 20. Qxd3 f5 21. O-O-O Be5 22. Bd4 Bf4+ 23. Nxf4 Qxf4+ 24. Be3 Qxe4 25. Qxd7 Bd5 26. Rd4 Qxg2 27. Rdd1 Rf7 28. Qd6 Qe4 29. Qa3 Qc4 30. Rhg1 Qxa2 31. Qxa2 Bxa2 32. Bxh6 Kh7 33. Bf4 Bd5 34. Be5 g6 35. Rg5 Rff8 36. Rdg1 Rg8 37. f4 Rad8 38. R1g3 0-1

[Event "Defi Nez-B"]
[Site "Gatineau CAN"]
[Date "2009.12.01"]
[Round "3"]
[White "Van Dusen, Eric"]
[Black "Lavergne, Daniel"]
[Result "1-0"]
[WhiteElo "1831"]
[BlackElo "1524"]
[PlyCount "85"]
[GameId "2160767910030328"]
[EventDate "2009.11.17"]
[EventType "swiss"]
[EventRounds "5"]
[EventCountry "CAN"]
[SourceTitle "EXT 2011"]
[Source "ChessBase"]
[SourceDate "2011.11.26"]
[SourceVersion "1"]
[SourceVersionDate "2011.11.26"]
[SourceQuality "1"]

1. d4 d5 2. c4 e6 3. Nc3 Nf6 4. cxd5 exd5 5. Bg5 Be7 6. Qc2 c6 7. e3 O-O 8. Bd3 Nbd7 9. Nge2 h6 10. Bh4 Re8 11. O-O Nf8 12. Rad1 Be6 13. f3 a5 14. Bf2 Qc8 15. h3 c5 16. dxc5 Bxc5 17. Na4 Bxe3 18. Bxe3 Qxc2 19. Bxc2 Bd7 20. Kf2 Bc6 21. Nd4 Ne6 22. Nxe6 Rxe6 23. Bd4 Rae8 24. Rfe1 Rxe1 25. Rxe1 Rxe1 26. Kxe1 Nd7 27. Nc5 Nxc5 28. Bxc5 a4 29. b3 axb3 30. Bxb3 f6 31. Kd2 Kf7 32. Ke3 g5 33. Kd4 Ke6 34. g4 f5 35. Bf8 fxg4 36. hxg4 h5 37. gxh5 Kf7 38. Bh6 Kf6 39. Bxd5 Be8 40. Bxb7 Bxh5 41. Bxg5+ Kxg5 42. Ke5 Bf7 43. a4 1-0

[Event "Defi Nez-B"]
[Site "Gatineau CAN"]
[Date "2009.12.08"]
[Round "4"]
[White "Arsenault, Michel"]
[Black "Laurin, Marcel"]
[Result "1-0"]
[WhiteElo "1893"]
[BlackElo "1608"]
[PlyCount "59"]
[GameId "2160767910030329"]
[EventDate "2009.11.17"]
[EventType "swiss"]
[EventRounds "5"]
[EventCountry "CAN"]
[SourceTitle "EXT 2011"]
[Source "ChessBase"]
[SourceDate "2011.11.26"]
[SourceVersion "1"]
[SourceVersionDate "2011.11.26"]
[SourceQuality "1"]

1. c4 b6 2. g3 Bb7 3. Nf3 d6 4. Bg2 Nd7 5. O-O e6 6. Nc3 Ne7 7. d4 h6 8. Ne1 Bxg2 9. Nxg2 g5 10. e4 Ng6 11. f4 Bg7 12. f5 exf5 13. Rxf5 c6 14. Be3 O-O 15. Qd3 Ne7 16. Rff1 Ng6 17. Rad1 a6 18. b3 Qe7 19. Bf2 Qe6 20. Ne3 Qh3 21. Qe2 Nde5 22. dxe5 Nxe5 23. Be1 g4 24. Kh1 Nf3 25. Rxf3 gxf3 26. Qxf3 d5 27. cxd5 c5 28. Ne2 Bd4 29. Nf5 Be5 30. Ng1 1-0

[Event "Defi Nez-B"]
[Site "Gatineau CAN"]
[Date "2009.12.08"]
[Round "4"]
[White "Arsenault, Yves"]
[Black "Thibault, Mario"]
[Result "1/2-1/2"]
[WhiteElo "1538"]
[BlackElo "1723"]
[PlyCount "70"]
[GameId "2160767910030330"]
[EventDate "2009.11.17"]
[EventType "swiss"]
[EventRounds "5"]
[EventCountry "CAN"]
[SourceTitle "EXT 2011"]
[Source "ChessBase"]
[SourceDate "2011.11.26"]
[SourceVersion "1"]
[SourceVersionDate "2011.11.26"]
[SourceQuality "1"]

1. e4 c5 2. Nf3 g6 3. Nc3 Bg7 4. Bc4 a6 5. O-O Nc6 6. Re1 e6 7. a3 Nge7 8. d3 O-O 9. Ne2 b5 10. Ba2 Qb6 11. c3 d5 12. exd5 exd5 13. Bf4 Be6 14. Ng3 Rad8 15. Ng5 Bc8 16. Qd2 c4 17. d4 Nf5 18. Bb1 Nxg3 19. Bxg3 h6 20. Nf3 Rfe8 21. Bc2 Rxe1+ 22. Rxe1 Kh7 23. h3 Qb7 24. Re3 Ne7 25. Qe2 Be6 26. Be5 Re8 27. Bxg7 Kxg7 28. Nh2 Qc8 29. Rf3 Qd7 30. Qe5+ Kh7 31. Ng4 Ng8 32. Nf6+ Nxf6 33. Qxf6 Qe7 34. Qe5 Qd7 35. Qf6 Qe7 1/2-1/2

[Event "Defi Nez-B"]
[Site "Gatineau CAN"]
[Date "2009.12.08"]
[Round "4"]
[White "Berthiaume, Patrick"]
[Black "Beriault, Silvain"]
[Result "0-1"]
[WhiteElo "1216"]
[BlackElo "1632"]
[PlyCount "68"]
[GameId "2160767910030331"]
[EventDate "2009.11.17"]
[EventType "swiss"]
[EventRounds "5"]
[EventCountry "CAN"]
[SourceTitle "EXT 2011"]
[Source "ChessBase"]
[SourceDate "2011.11.26"]
[SourceVersion "1"]
[SourceVersionDate "2011.11.26"]
[SourceQuality "1"]

1. e4 c5 2. Nc3 Nc6 3. Bb5 a6 4. Bc4 b5 5. Bd5 Bb7 6. Nf3 e6 7. Bxc6 Bxc6 8. d4 cxd4 9. Qxd4 Nf6 10. Bg5 Be7 11. O-O-O d6 12. e5 dxe5 13. Qxe5 Qb6 14. Be3 Qb7 15. Qg3 g6 16. Rd4 Bxf3 17. gxf3 O-O 18. Ne4 Nxe4 19. fxe4 Bf6 20. Rd3 Qxe4 21. Re1 Qb4 22. c3 Qc4 23. Bh6 Rfd8 24. Rf3 Qxa2 25. Kc2 Qd5 26. Rxf6 b4 27. Rf3 b3+ 28. Kc1 Qa5 29. Rd3 Qa1+ 30. Kd2 Qxb2+ 31. Ke3 Rxd3+ 32. Kxd3 Rd8+ 33. Ke4 Qc2+ 34. Ke5 Qf5# 0-1

[Event "Defi Nez-B"]
[Site "Gatineau CAN"]
[Date "2009.12.08"]
[Round "4"]
[White "Desjardins, Michel"]
[Black "MacIsaac, Alexandre"]
[Result "1-0"]
[WhiteElo "1972"]
[BlackElo "1529"]
[PlyCount "57"]
[GameId "2160767910030333"]
[EventDate "2009.11.17"]
[EventType "swiss"]
[EventRounds "5"]
[EventCountry "CAN"]
[SourceTitle "EXT 2011"]
[Source "ChessBase"]
[SourceDate "2011.11.26"]
[SourceVersion "1"]
[SourceVersionDate "2011.11.26"]
[SourceQuality "1"]

1. e4 c5 2. Nc3 e6 3. Nge2 Nc6 4. g3 Nf6 5. Bg2 d6 6. d3 a6 7. f4 Rb8 8. O-O Qc7 9. d4 cxd4 10. Nxd4 Qb6 11. Be3 Qxb2 12. Na4 Qa3 13. c3 Nxd4 14. Qxd4 b5 15. Rfb1 Nd7 16. Nb2 Qc5 17. Qd3 Qc7 18. c4 bxc4 19. Nxc4 Rxb1+ 20. Rxb1 Be7 21. Rd1 O-O 22. Nxd6 Nc5 23. Qd4 Rd8 24. e5 Nb7 25. Rc1 Qb8 26. Qb6 Bxd6 27. exd6 Qxd6 28. Bxb7 Qxb6 29. Bxb6 1-0

[Event "Defi Nez-B"]
[Site "Gatineau CAN"]
[Date "2009.12.08"]
[Round "4"]
[White "Jiang, Qizhe"]
[Black "Jani, Louis"]
[Result "1/2-1/2"]
[WhiteElo "1190"]
[BlackElo "1404"]
[PlyCount "94"]
[GameId "2160767910030334"]
[EventDate "2009.11.17"]
[EventType "swiss"]
[EventRounds "5"]
[EventCountry "CAN"]
[SourceTitle "EXT 2011"]
[Source "ChessBase"]
[SourceDate "2011.11.26"]
[SourceVersion "1"]
[SourceVersionDate "2011.11.26"]
[SourceQuality "1"]

1. e4 c5 2. Nf3 Nc6 3. d4 cxd4 4. Nxd4 d6 5. Nc3 Nf6 6. Bg5 e6 7. f4 Be7 8. Qd2 O-O 9. O-O-O Ne8 10. Bxe7 Qxe7 11. Bb5 Bd7 12. Ba4 a6 13. f5 b5 14. Bb3 Nxd4 15. Qxd4 exf5 16. exf5 Bxf5 17. Rhf1 Be6 18. Nd5 Qg5+ 19. Kb1 Qd8 20. Rde1 Bxd5 21. Bxd5 Rb8 22. Qf4 Nf6 23. Rd1 Rb6 24. Qf2 Qc7 25. Rd2 Nxd5 26. Rxd5 Rc6 27. Rf5 f6 28. c3 b4 29. cxb4 Rc8 30. Qe1 Kf7 31. Rd5 Qb7 32. Rd3 Qc7 33. Rd1 Qb7 34. Rf3 Re8 35. Qd2 d5 36. Qxd5+ Kf8 37. Rc3 Rec8 38. Rdc1 Rxc3 39. Qd6+ Kf7 40. Rxc3 Rxc3 41. bxc3 Qxg2 42. Qxa6 Qxh2 43. b5 Qd2 44. Qa5 Qd1+ 45. Kb2 Qd2+ 46. Kb3 Qd5+ 47. c4 Qd3+ 1/2-1/2

[Event "Defi Nez-B"]
[Site "Gatineau CAN"]
[Date "2009.12.08"]
[Round "4"]
[White "Lacourse, Guy"]
[Black "Van Dusen, Eric"]
[Result "1-0"]
[WhiteElo "1684"]
[BlackElo "1831"]
[PlyCount "45"]
[GameId "2160767910030335"]
[EventDate "2009.11.17"]
[EventType "swiss"]
[EventRounds "5"]
[EventCountry "CAN"]
[SourceTitle "EXT 2011"]
[Source "ChessBase"]
[SourceDate "2011.11.26"]
[SourceVersion "1"]
[SourceVersionDate "2011.11.26"]
[SourceQuality "1"]

1. d4 Nf6 2. c4 g6 3. Nc3 Bg7 4. Nf3 O-O 5. e4 d6 6. h3 a5 7. Be2 c6 8. O-O Qc7 9. Be3 Na6 10. Rc1 Bd7 11. Nd2 e5 12. dxe5 dxe5 13. c5 Rad8 14. f3 Be6 15. Qe1 Nb4 16. Nc4 Bxc4 17. Bxc4 Nd3 18. Bxd3 Rxd3 19. Qe2 Rfd8 20. Rfd1 Qd7 21. Kf2 Rxd1 22. Rxd1 Qxd1 23. Nxd1 1-0

[Event "Defi Nez-B"]
[Site "Gatineau CAN"]
[Date "2009.12.08"]
[Round "4"]
[White "Lavergne, Daniel"]
[Black "Levesque, Andre"]
[Result "1-0"]
[WhiteElo "1524"]
[BlackElo "1322"]
[PlyCount "63"]
[GameId "2160767910030336"]
[EventDate "2009.11.17"]
[EventType "swiss"]
[EventRounds "5"]
[EventCountry "CAN"]
[SourceTitle "EXT 2011"]
[Source "ChessBase"]
[SourceDate "2011.11.26"]
[SourceVersion "1"]
[SourceVersionDate "2011.11.26"]
[SourceQuality "1"]

1. d4 f5 2. Nc3 e6 3. e4 fxe4 4. Nxe4 d5 5. Qh5+ g6 6. Qe5 dxe4 7. Qxh8 Qf6 8. Qxg8 Bd7 9. Bh6 Nc6 10. Qxf8+ Qxf8 11. Bxf8 Kxf8 12. O-O-O Nb4 13. a3 Nd5 14. Ne2 b5 15. Ng3 e3 16. f3 a5 17. Ne2 b4 18. a4 Bxa4 19. b3 Bb5 20. Ng3 Bxf1 21. Rdxf1 a4 22. Ne2 a3 23. Kb1 Rc8 24. Rc1 Nc3+ 25. Nxc3 bxc3 26. Ka2 Ra8 27. Rhe1 Rd8 28. Rcd1 c5 29. dxc5 Rd2 30. Rc1 e2 31. Kxa3 Ke7 32. b4 1-0